000 00383nam a22001457a 4500
005 20260216121621.0
008 260216b |||||||| |||| 00| 0 eng d
020 _a434 98509 0
050 _aMT 2 053
100 _aPeter Dimond
245 _aMUSIC
_b; Made Simple
260 _aLondon, Great Britain
_bMade Simple Books HEINEMAN
_c1982
300 _a276 pages
942 _2lcc
_cBK
999 _c216582
_d216582